Dictionary for charted accountans/ company secretaries/ cost accountants/ corporate professionals / (Record no. 177216)

MARC details
000 -LEADER
fixed length control field 00753nam a22001937a 4500
005 - DATE AND TIME OF LATEST TRANSACTION
control field 20210212162617.0
010 ## - LCCN (DPL NO)
LC control number B-736875
020 ## - INTERNATIONAL STANDARD BOOK NUMBER
Terms of availability 1975.00
International Standard Book Number 9788171948130
035 ## - SYSTEM CONTROL NUMBER
System control number B-736875
037 ## - SOURCE OF ACQUISITION
Source of stock number/acquisition Gift/Eng/03-02-2021
082 ## - DEWEY DECIMAL CLASSIFICATION NUMBER
Classification number 657.03
100 ## - MAIN ENTRY--PERSONAL NAME
Personal name Duttachowdhury, Dhruba
245 ## - TITLE STATEMENT
Title Dictionary for charted accountans/ company secretaries/ cost accountants/ corporate professionals /
Statement of responsibility, etc by Dhruba Duttachowdhury
260 ## - PUBLICATION, DISTRIBUTION, ETC. (IMPRINT)
Place of publication, distribution, etc New Delhi
Name of publisher, distributor, etc Taxmann Publications
Date of publication, distribution, etc 2010
270 ## - ADDRESS
Address 59/32, New Rohtak Road
City New Delhi
Postal code 110005
300 ## - PHYSICAL DESCRIPTION
Extent 1518p.:
Dimensions 25cm(Hb)
Other physical details ill.
942 ## - ADDED ENTRY ELEMENTS (KOHA)
Source of classification or shelving scheme Dewey Decimal Classification
Item type English Books
Call number suffix DUT
Classification part 657.03
Holdings
Withdrawn status Lost status Not for loan Collection code Home library Current library Date acquired Source of acquisition Cost, normal purchase price Full call number Barcode Copy number Cost, replacement price Koha item type
      Non-fiction Central Library Central Library 12/02/2021 Gift/Eng/03-02-2021 1975.00 657.03 DUT B-736875 1 1975.00 English Books

© Delhi Public Library
Hit Counter
free hit counter